Normal view
MARC view
- Amaro-Reyes, José A.
Entry Personal Name
001 - CONTROL NUMBER
- control field: 37602
003 - CONTROL NUMBER IDENTIFIER
- control field: NUST
005 - DATE AND TIME OF LATEST TRANSACTION
- control field: 20210314130327.0
008 - FIXED-LENGTH DATA ELEMENTS
- fixed length control field: 210314|| aca||aabn | a|a d
040 ## - CATALOGING SOURCE
- Original cataloging agency: NUST
- Transcribing agency: NUST
100 ## - HEADING--PERSONAL NAME
- Personal name: Amaro-Reyes, José A.
670 ## - SOURCE DATA FOUND
- Source citation: Work cat.: (NUST): Gould, David J. 37600, The effects of corruption on administrative performance :, 1983.
